header

Computer networks, policies and applications (Record no. 58434)

MARC details
000 -LEADER
fixed length control field 01519nam a2200385 a 4500
082 04 - DEWEY DECIMAL CLASSIFICATION NUMBER
Classification number 004.6
245 00 - TITLE STATEMENT
Title Computer networks, policies and applications
260 ## - PUBLICATION, DISTRIBUTION, ETC. (IMPRINT)
Place of publication New York :
Name of publisher Nova Science Publishers,
Year of publication c2011.
300 ## - PHYSICAL DESCRIPTION
Number of Pages xii, 230 p. :
Other physical details ill.
490 1# - SERIES STATEMENT
Series statement Computer science, technology and applications
650 #0 - SUBJECT ADDED ENTRY--TOPICAL TERM
Topical Term Computer networks.
Topical Term Telecommunication
Topical Term Internet
700 1# - ADDED ENTRY--PERSONAL NAME
Personal name Berger, Carolynn M.
Personal name Streusse, Angela D.
856 40 - ELECTRONIC LOCATION AND ACCESS
Uniform Resource Identifier http://site.ebrary.com/lib/rucke/Doc?id=10676659

No items available.

© 2026 Rongo University
Contact us: librarian | system librarian | Rongo university